00329nam a22001097a 4500003000500000005001700005020002200022082001900044245008200063260005800145300001600203NUST20221007094737.0 a978-955-8089-06-4 a940.93012, SIL aSilent Heroes:bThe Chronicles and Histories of the Sri lanka Signals Crops  aSri LankabSoftware printing and packaging Ltd c2020 a396: pages